| 000 | 01662nam a22002777a 4500 | ||
|---|---|---|---|
| 003 | NALT | ||
| 005 | 20210805164228.0 | ||
| 008 | s2543 th tha d | ||
| 040 | _aNALT | ||
| 041 | _atha | ||
| 090 | _aว JQ1749.A53 อ879ผ 2543 | ||
| 100 | 0 | _aเอกภาพ พลซื่อ | |
| 245 | 1 | 0 | _aผลกระทบทางการเมืองจากการเลือกตั้งสมาชิกสภาผู้แทนราษฎรระบบใหม่ตามรัฐธรรมนูญแห่งราชอาณาจักรไทย พุทธศักราช 2540 : ศึกษากรณีการเลือกตั้งสมาชิกสภาผู้แทนราษฎร เมื่อวันที่ 6 มกราคม 2544 |
| 260 | 3 |
_aนนทบุรี : _bสถาบันพระปกเกล้า, _c2543 |
|
| 300 |
_a67 หน้า ; _b 29 ซม. |
||
| 650 | 0 | 4 | _aConstitutionalism |
| 650 | 0 | 4 | _aการเลือกตั้ง -- วิจัย |
| 650 | 0 | 4 | _aรัฐธรรมนูญนิยม |
| 650 | 0 | 4 | _aรัฐธรรมนูญไทย -- 2540 -- การเลือกตั้ง |
| 650 | 0 | 4 | _aวัฒนธรรมทางการเมือง |
| 650 | 0 | 4 | _aสมาชิกสภาผู้แทนราษฎร -- การเลือกตั้ง |
| 650 | 0 | 4 | _aสมาชิกสภาผู้แทนราษฎร -- การเลือกตั้ง -- ผลกระทบทางการเมือง |
| 850 | _aNALT | ||
| 942 |
_cRSH _2lcc |
||
| 998 |
_bSOPAPORN _j109 _k อารีรัตน์ วิชาช่าง |
||
| 999 |
_c30397 _d30397 |
||